[Event "16. Bayer Open"]
[Site "Leverkusen"]
[Date "2018.03.12"]
[Round "6.3"]
[White "Marcziter, Dmitrii"]
[Black "Lamprecht, Mark"]
[Result "0-1"]
[WhiteElo "2279"]
[BlackElo "2210"]
[PlyCount "128"]
[EventDate "2018.??.??"]
[WhiteTeam "DJK Aufwärts Aachen"]
[BlackTeam "SC Bonn Beuel"]

1. d4 f5 2. g3 Nf6 3. Bg2 c6 4. c4 g6 5. Nc3 Bg7 6. Nh3 O-O 7. O-O d6 8. d5 Qe8
9. Nf4 g5 10. Ne6 Bxe6 11. dxe6 h6 12. e4 fxe4 13. Nxe4 Na6 14. Re1 Qg6 15. Bd2
Qf5 16. Re2 Nc5 17. Nxc5 Qxc5 18. Rc1 Ng4 19. b4 Qd4 20. Be3 Nxe3 21. Rxe3 Qb2
22. Rc2 Qxb4 23. h4 Qc5 24. hxg5 Qxg5 25. Re4 Kh8 26. Rh4 Rf6 27. Qe1 Raf8 28.
f4 Qg6 29. Re2 Qd3 30. Re4 Rg6 31. Kh2 Bc3 32. Qf2 Rfg8 33. Rh3 d5 34. cxd5
cxd5 35. Re3 Qd4 36. Qf3 Bb2 37. Rd3 Qe4 38. Qf1 Qc4 39. Bxd5 Qc2+ 40. Kh1 Bg7
41. Bb3 Qc5 42. Qf3 Rf6 43. Rh2 Qb4 44. Re2 Rc8 45. Kg2 Rff8 46. Re4 Qb6 47.
Re1 Qb4 48. Red1 a5 49. R1d2 b5 50. Bc2 Qc4 51. Bb3 Qb4 52. Bd5 Rc1 53. Be4 Qc5
54. Qf2 Qh5 55. Qe2 Qh1+ 56. Kf2 Qg1+ 57. Kf3 Rf1+ 58. Kg4 R1xf4+ 59. Kh3 Rf2
60. Qd1 Qh2+ 61. Kg4 Be5 62. Rxf2 Qxf2 63. Rf3 Rg8+ 64. Kh3 Rxg3+ 0-1

[Event "16. Bayer Open"]
[Site "Leverkusen"]
[Date "2018.03.12"]
[Round "6.4"]
[White "Pejkovic, Patrick Slavko"]
[Black "Bausch, Thomas"]
[Result "1-0"]
[WhiteElo "2133"]
[BlackElo "2113"]
[PlyCount "58"]
[EventDate "2018.??.??"]
[WhiteTeam "Langenfelder SF"]
[BlackTeam "Pulheimer SC"]

1. e4 c5 2. f4 d5 3. exd5 Qxd5 4. Nc3 Qd8 5. Bb5+ Bd7 6. Bxd7+ Qxd7 7. Nf3 Nc6
8. O-O e6 9. Ne5 Nxe5 10. fxe5 Qd4+ 11. Kh1 Qxe5 12. d4 Qb8 13. d5 Nf6 14. dxe6
fxe6 15. Bf4 Qd8 16. Qe2 Kf7 17. Rad1 Qc8 18. Be5 Be7 19. Qh5+ Kg8 20. Bxf6
Bxf6 21. Rxf6 gxf6 22. Ne4 Kg7 23. Qg4+ Kf8 24. Qf4 f5 25. Qh6+ Kg8 26. Qg5+
Kf8 27. Qf6+ Kg8 28. Rd3 f4 29. Qxf4 Qe8 1-0

[Event "16. Bayer Open"]
[Site "Leverkusen"]
[Date "2018.03.12"]
[Round "6.5"]
[White "ter Steeg, Marcus"]
[Black "Lindam, Ingo"]
[Result "1/2-1/2"]
[WhiteElo "2066"]
[BlackElo "2112"]
[PlyCount "111"]
[EventDate "2018.??.??"]
[WhiteTeam "SF Essen-Werden"]
[BlackTeam "Kölner SK Dr. Lasker"]

1. d4 Nf6 2. c4 g6 3. Nc3 Bg7 4. e4 d6 5. Nf3 O-O 6. Be2 Na6 7. O-O e5 8. Be3
Ng4 9. Bg5 Qe8 10. dxe5 dxe5 11. h3 h6 12. Bd2 Nf6 13. Be3 Qe7 14. Qc2 c6 15.
a3 Nh5 16. Rfd1 Nf4 17. Bf1 Qf6 18. Nh2 h5 19. Ne2 Bh6 20. Nxf4 Bxf4 21. Bxf4
Qxf4 22. c5 Nc7 23. Bc4 Ne6 24. Bxe6 Bxe6 25. Rd6 Rad8 26. Rad1 Rxd6 27. Rxd6
Qg5 28. Nf3 Qf4 29. Qc3 Qxe4 30. Nxe5 Qb1+ 31. Kh2 Qf5 32. Qd4 Qf6 33. f4 Re8
34. Nf3 Kg7 35. Qxf6+ Kxf6 36. Ng5 Kf5 37. Nxe6 Rxe6 38. Rd7 f6 39. Rxb7 Kxf4
40. Rxa7 Re2 41. b4 g5 42. Rd7 f5 43. Rd4+ Ke3 44. Rd6 Kf2 45. Rf6 f4 46. h4
Kf1 47. hxg5 Rxg2+ 48. Kh3 Rg4 49. b5 cxb5 50. c6 Rxg5 51. Rxf4+ Ke2 52. Rb4
Rc5 53. Kh4 Rxc6 54. Rxb5 Ra6 55. Rb3 Kd2 56. Rb5 1/2-1/2

[Event "16. Bayer Open"]
[Site "Leverkusen"]
[Date "2018.03.12"]
[Round "6.6"]
[White "Scharff, Klaus"]
[Black "Heller, Achim"]
[Result "0-1"]
[WhiteElo "1952"]
[BlackElo "2095"]
[PlyCount "82"]
[EventDate "2018.??.??"]
[WhiteTeam "SV Opladen"]
[BlackTeam "SG Ennepe-Ruhr-Süd"]

1. Nf3 d5 2. g3 c6 3. Bg2 Nf6 4. d3 Bf5 5. Nh4 Bg4 6. h3 Bh5 7. g4 Bg6 8. f4 e6
9. f5 exf5 10. g5 Nh5 11. Bf3 Qc7 12. Nxg6 Qg3+ 13. Kf1 hxg6 14. Be3 Qe5 15.
Bf2 Ng3+ 16. Bxg3 Qxg3 17. c4 dxc4 18. d4 Rxh3 19. Rg1 Qh4 20. Nc3 Nd7 21. Qa4
Rh2 22. Rg2 Rh1+ 23. Rg1 Rxg1+ 24. Kxg1 Qxd4+ 25. Kh1 Bd6 26. Rd1 Qh4+ 27. Kg2
Qh2+ 28. Kf1 Bg3 29. Bg2 Qh4 30. e3 Ne5 31. b3 Qxg5 32. Ke2 Qg4+ 33. Kf1 Qg5
34. Ke2 Rd8 35. Bd5 Qg4+ 36. Kd2 b5 37. Qxa7 cxd5 38. Nxb5 Nf3+ 39. Kc1 cxb3
40. Nc7+ Bxc7 41. Qxc7 Qc4+ 0-1

[Event "16. Bayer Open"]
[Site "Leverkusen"]
[Date "2018.03.12"]
[Round "6.7"]
[White "Wille, Thomas"]
[Black "Boschek, Hans-Joachim"]
[Result "1/2-1/2"]
[WhiteElo "2074"]
[BlackElo "1942"]
[PlyCount "102"]
[EventDate "2018.??.??"]
[WhiteTeam "Velberter SG"]
[BlackTeam "SG Solingen"]

1. c4 c5 2. Nc3 g6 3. g3 Bg7 4. Bg2 e6 5. e4 Ne7 6. Nge2 Nbc6 7. O-O O-O 8. d3
a6 9. a3 Rb8 10. Bf4 d6 11. Qd2 Ne5 12. Rab1 b5 13. b3 b4 14. axb4 Rxb4 15. Na2
Rb6 16. Rfd1 N5c6 17. Bh6 e5 18. Bxg7 Kxg7 19. Rf1 f5 20. f3 Be6 21. Nac3 Qb8
22. exf5 gxf5 23. f4 Ng6 24. Bd5 Bxd5 25. Nxd5 Rxb3 26. Rxb3 Qxb3 27. Nec3 Nd4
28. Kf2 exf4 29. gxf4 Qc2 30. Qxc2 Nxc2 31. Rb1 Nb4 32. Nxb4 cxb4 33. Rxb4 Nxf4
34. Ke3 Ng2+ 35. Kf2 Nf4 36. Ke3 Ng2+ 37. Kd4 Nh4 38. Rb6 f4 39. Nd1 Re8 40.
Kd5 Nf5 41. Rb2 Re5+ 42. Kc6 Kf6 43. Nf2 Ke6 44. Ne4 Nd4+ 45. Kc7 f3 46. Rb6
Nf5 47. Ng5+ Ke7 48. Nxf3 Re3 49. Ng5 h6 50. Ne4 Rxd3 51. c5 dxc5 1/2-1/2

[Event "16. Bayer Open"]
[Site "Leverkusen"]
[Date "2018.03.12"]
[Round "6.8"]
[White "Asadzade, Idris"]
[Black "Sockel, Karl-Heinz"]
[Result "1-0"]
[WhiteElo "1967"]
[BlackElo "2070"]
[PlyCount "105"]
[EventDate "2018.??.??"]
[WhiteTeam "Königsspringer Leverkusen"]
[BlackTeam "SC Bayer Leverkusen"]

1. c4 e5 2. g3 f5 3. Bg2 Nf6 4. e3 g6 5. Ne2 Bg7 6. Nbc3 d6 7. O-O O-O 8. d3 c6
9. b3 Be6 10. Ba3 Qc7 11. d4 exd4 12. exd4 Bf7 13. Rc1 Re8 14. Qd2 Na6 15. Rfe1
Rad8 16. d5 c5 17. Nb5 Qb6 18. Bb2 Nc7 19. a4 Nxb5 20. axb5 a6 21. Bc3 Rd7 22.
Qb2 Nh5 23. bxa6 bxa6 24. Bf3 Bxc3 25. Nxc3 Rde7 26. Rxe7 Rxe7 27. Bxh5 gxh5
28. Na4 Qd8 29. Qd2 Qe8 30. Kf1 f4 31. Qxf4 Bg6 32. Qd2 Bf5 33. Qg5+ Bg6 34.
Nc3 Re5 35. Qd2 Bf5 36. f3 Qf7 37. Re1 Qf6 38. Kf2 Qe7 39. Rxe5 Qxe5 40. Qe3
Qxe3+ 41. Kxe3 Bc2 42. Ne4 Bxb3 43. Nxd6 a5 44. Kd3 a4 45. Kc3 Bd1 46. Ne4 a3
47. Nxc5 Be2 48. Nb3 Kf8 49. c5 Bxf3 50. d6 Ke8 51. Kb4 a2 52. Ka3 Kd7 53. Kxa2
1-0

[Event "16. Bayer Open"]
[Site "Leverkusen"]
[Date "2018.03.12"]
[Round "6.10"]
[White "Ziabari, Morteza"]
[Black "Neubauer, Jürgen"]
[Result "0-1"]
[WhiteElo "1845"]
[BlackElo "2046"]
[PlyCount "66"]
[EventDate "2018.??.??"]
[WhiteTeam "Kettwiger SG"]
[BlackTeam "SK Turm Euskirchen"]

1. e4 g6 2. d4 Bg7 3. c3 d6 4. Be3 Nd7 5. Bd3 e5 6. Qd2 Ne7 7. Ne2 O-O 8. Bh6
f5 9. Bxg7 Kxg7 10. exf5 Nxf5 11. Bxf5 Rxf5 12. Ng3 Rf4 13. h4 Rxh4 14. Na3
Rxh1+ 15. Nxh1 Qf6 16. O-O-O exd4 17. cxd4 Nb6 18. Ng3 Bf5 19. Rh1 Rh8 20. Qh6+
Kf7 21. Re1 Nd5 22. Qd2 Re8 23. Rh1 Kg8 24. Nc4 Bd7 25. Ne3 Nxe3 26. fxe3 Qg5
27. Nf1 Bb5 28. e4 Qg4 29. e5 dxe5 30. dxe5 Bxf1 31. Rxf1 Qc4+ 32. Qc3 Qxf1+
33. Kc2 Qxg2+ 0-1

[Event "16. Bayer Open"]
[Site "Leverkusen"]
[Date "2018.03.12"]
[Round "6.11"]
[White "Piekorz, Roland"]
[Black "Gula, Julian"]
[Result "1/2-1/2"]
[WhiteElo "1929"]
[BlackElo "2025"]
[PlyCount "88"]
[EventDate "2018.??.??"]
[WhiteTeam "Düsseldorfer SK"]
[BlackTeam "SF Düsseldorf-Süd"]

1. c4 e5 2. Nc3 Nf6 3. e4 Nc6 4. g3 Bc5 5. Bg2 d6 6. h3 a6 7. d3 b5 8. Nge2
bxc4 9. dxc4 Be6 10. Nd5 Nd4 11. O-O Nxd5 12. cxd5 Bd7 13. Nc3 O-O 14. Kh2 a5
15. f4 f6 16. Rb1 a4 17. Be3 Qe7 18. Qd2 Rab8 19. Rf2 a3 20. b3 Bb4 21. Qd3 Nb5
22. Nxb5 Bxb5 23. Qc2 Rbc8 24. Bf1 c6 25. dxc6 Rxc6 26. Bc4+ Bxc4 27. bxc4 Bc5
28. Bxc5 Rxc5 29. Qd3 Qc7 30. Rc2 Ra8 31. Rb3 Rca5 32. f5 Qc6 33. h4 Kf8 34.
Kh3 Qc5 35. Qd5 Rc8 36. Qe6 Re8 37. Qd5 Rc8 38. Qe6 Re8 39. Qd7 Ra7 40. Qb5 Qd4
41. Qc6 Qd1 42. Rbc3 Qh1+ 43. Rh2 Qf1+ 44. Rg2 Qh1+ 1/2-1/2

[Event "16. Bayer Open"]
[Site "Leverkusen"]
[Date "2018.03.12"]
[Round "6.12"]
[White "Riesen, Peter"]
[Black "Gramb, Marius"]
[Result "0-1"]
[WhiteElo "1864"]
[BlackElo "2088"]
[PlyCount "82"]
[EventDate "2018.??.??"]
[WhiteTeam "Klub Kölner SF"]
[BlackTeam "Brühler SK"]

1. e4 c5 2. c3 Nf6 3. e5 Nd5 4. d4 cxd4 5. Nf3 Nc6 6. cxd4 d6 7. Bc4 dxe5 8.
dxe5 Ndb4 9. Qb3 e6 10. a3 Na5 11. Qc3 Nxc4 12. axb4 Nb6 13. Bd2 Bd7 14. O-O
Be7 15. Na3 O-O 16. Nc4 Rc8 17. b3 Nd5 18. Qd4 a6 19. Ne3 Bc6 20. Qg4 Re8 21.
Rfd1 Nxe3 22. Bxe3 Bd5 23. Bh6 Bf8 24. Rd3 Qc7 25. Re1 Qc2 26. Rde3 Qg6 27.
Qxg6 hxg6 28. Bf4 Bxb4 29. Rb1 Rc7 30. h4 Rec8 31. Kf1 Rc1+ 32. Rxc1 Rxc1+ 33.
Ke2 Rc2+ 34. Kf1 Bc5 35. Re2 Rxe2 36. Kxe2 Bxb3 37. Nd2 Bd5 38. f3 Be7 39. g3
Kf8 40. Kd3 Ke8 41. Ne4 Bxe4+ 0-1

[Event "16. Bayer Open"]
[Site "Leverkusen"]
[Date "2018.03.12"]
[Round "6.13"]
[White "Bär, Marco"]
[Black "Pützkaul, Karl"]
[Result "1-0"]
[WhiteElo "2030"]
[BlackElo "1881"]
[PlyCount "71"]
[EventDate "2018.??.??"]
[WhiteTeam "SC Bayer Leverkusen"]
[BlackTeam "SC Bayer Leverkusen"]

1. e4 c6 2. d4 d5 3. e5 Bf5 4. Nf3 e6 5. Be2 Nd7 6. O-O Ne7 7. c4 dxc4 8. Bxc4
Nb6 9. Be2 Ned5 10. Nc3 Be7 11. a3 a5 12. Bd2 O-O 13. h3 h6 14. Rc1 a4 15. Re1
Qd7 16. Bf1 Rfc8 17. Ne4 Bxe4 18. Rxe4 c5 19. Rg4 Kh8 20. dxc5 Rxc5 21. Bxh6
gxh6 22. Qd2 Bg5 23. Nxg5 Rxc1 24. Qxc1 f5 25. Rh4 Kg7 26. Nh7 f4 27. Nf6 Rc8
28. Qb1 Nxf6 29. exf6+ Kxf6 30. Rxh6+ Ke5 31. Qe1+ Kd6 32. Qb4+ Kc7 33. Qxf4+
Kc6 34. Qe4+ Qd5 35. Rxe6+ Kc7 36. Qf4+ 1-0

[Event "16. Bayer Open"]
[Site "Leverkusen"]
[Date "2018.03.12"]
[Round "6.14"]
[White "Kies, Werner"]
[Black "Axmann, Michael"]
[Result "1/2-1/2"]
[WhiteElo "2036"]
[BlackElo "1827"]
[PlyCount "61"]
[EventDate "2018.??.??"]
[WhiteTeam "SC Bayer Leverkusen"]
[BlackTeam "SC Bayer Leverkusen"]

1. e4 c5 2. Nf3 Nc6 3. Nc3 d6 4. Bb5 a6 5. Bxc6+ bxc6 6. d3 Rb8 7. b3 g6 8. Rb1
Qc7 9. O-O Bg7 10. Bd2 Nf6 11. h3 O-O 12. Qc1 e5 13. Bh6 Ne8 14. Nh2 f5 15.
Bxg7 Qxg7 16. exf5 gxf5 17. Qe1 f4 18. Kh1 Rf6 19. Ne4 Rg6 20. Rg1 Bf5 21. Qe2
Nc7 22. Rbe1 Kh8 23. Qh5 Bxe4 24. dxe4 Rg8 25. Qf3 Ne6 26. c3 Ng5 27. Qd3 Nf7
28. Qf1 Qh6 29. Qd3 Qg7 30. Qf1 Qh6 31. Qd3 1/2-1/2

[Event "16. Bayer Open"]
[Site "Leverkusen"]
[Date "2018.03.12"]
[Round "6.15"]
[White "German, Raphael"]
[Black "Schülke, Tilman"]
[Result "1/2-1/2"]
[WhiteElo "1833"]
[BlackElo "1971"]
[PlyCount "107"]
[EventDate "2018.??.??"]
[BlackTeam "Düsseldorfer SV"]

1. d4 d6 2. e4 g6 3. Bc4 e6 4. Bb3 Bg7 5. Nf3 h6 6. O-O Nd7 7. Nc3 b6 8. Re1
Bb7 9. a4 a6 10. d5 e5 11. Ne2 Nc5 12. Bc4 Ne7 13. Ng3 O-O 14. b4 Nd7 15. Rb1
Kh8 16. Bd3 a5 17. b5 Ng8 18. h4 Ndf6 19. Nh2 Bc8 20. h5 Qe8 21. Be2 Nd7 22.
Bg4 Nc5 23. c4 f5 24. Bf3 Nf6 25. hxg6 Ncxe4 26. Nxe4 fxe4 27. Bh5 Bf5 28. Rb3
Nxh5 29. Qxh5 Qxg6 30. Qh4 Qf6 31. Qxf6 Rxf6 32. Nf1 Raf8 33. Ng3 Bg6 34. Rb2
Kh7 35. Nxe4 Bxe4 36. Rxe4 Rg6 37. Rb3 Rf5 38. Rh3 Rgf6 39. f3 Rg6 40. Kf2 Rf8
41. g4 Kg8 42. Rh5 Rf7 43. Kg2 Rgf6 44. Rh3 Bf8 45. Kf2 Rg6 46. Ke2 Kg7 47. Bd2
Be7 48. Kf2 Bg5 49. Bxg5 Rxg5 50. Kg3 Rg6 51. f4 exf4+ 52. Rxf4 Rgf6 53. Rxf6
Rxf6 54. Rh1 1/2-1/2

[Event "16. Bayer Open"]
[Site "Leverkusen"]
[Date "2018.03.12"]
[Round "6.16"]
[White "Vranidis, Athanassios"]
[Black "Pyrowicz, Jacek"]
[Result "1-0"]
[WhiteElo "1958"]
[BlackElo "1825"]
[PlyCount "45"]
[EventDate "2018.??.??"]
[WhiteTeam "SG Solingen"]
[BlackTeam "SV Wermelskirchen"]

1. d4 Nf6 2. c4 e6 3. Nc3 Bb4 4. Qc2 O-O 5. a3 Bxc3+ 6. Qxc3 d5 7. Nf3 Ne4 8.
Qc2 Nd7 9. Bf4 b6 10. cxd5 Nd6 11. dxe6 fxe6 12. e3 Bb7 13. Ng5 Rf5 14. Nxe6
Qe7 15. Bxd6 Qxe6 16. Bg3 c5 17. Bc4 Bd5 18. Bxd5 Qxd5 19. O-O cxd4 20. Rfd1
Nc5 21. Rxd4 Qf7 22. Rad1 a5 23. Rd8+ 1-0

[Event "16. Bayer Open"]
[Site "Leverkusen"]
[Date "2018.03.12"]
[Round "6.17"]
[White "Gnass, Arno"]
[Black "Henseler, Klaus"]
[Result "1/2-1/2"]
[WhiteElo "1789"]
[BlackElo "1948"]
[PlyCount "98"]
[EventDate "2018.??.??"]
[WhiteTeam "Bergische SF"]
[BlackTeam "SC Bayer Leverkusen"]

1. d4 Nf6 2. Nf3 g6 3. b3 Bg7 4. Bb2 O-O 5. Nbd2 c5 6. e3 d6 7. Be2 b6 8. O-O
Bb7 9. a4 Nbd7 10. Re1 Rc8 11. a5 Qc7 12. axb6 axb6 13. c4 Ra8 14. Rxa8 Rxa8
15. Qc2 Bc8 16. d5 Ra2 17. Qb1 Qa7 18. e4 Ne8 19. Bxg7 Nxg7 20. Qd3 Qa5 21. Rd1
Nh5 22. Qe3 Kg7 23. e5 dxe5 24. Nxe5 Nxe5 25. Qxe5+ Nf6 26. Qe3 Bf5 27. h3 h5
28. Bd3 Ra1 29. Rxa1 Qxa1+ 30. Kh2 Bxd3 31. Qxd3 Qe5+ 32. g3 Ne8 33. Qf3 Nd6
34. Qe3 Qxe3 35. fxe3 Kf6 36. Kg2 Ke5 37. Kf3 f5 38. g4 fxg4+ 39. hxg4 h4 40.
g5 Nf5 41. e4 Ng3 42. Kg4 Nxe4 43. Nf3+ Kd6 44. Nxh4 e6 45. Kf4 exd5 46. Nxg6
Nxg5 47. Kxg5 dxc4 48. bxc4 b5 49. cxb5 c4 1/2-1/2

[Event "16. Bayer Open"]
[Site "Leverkusen"]
[Date "2018.03.12"]
[Round "6.18"]
[White "Meul, Willi"]
[Black "Jansen-Karanatsios, Michael"]
[Result "1/2-1/2"]
[WhiteElo "1931"]
[BlackElo "1717"]
[PlyCount "39"]
[EventDate "2018.??.??"]
[WhiteTeam "SV Hürth-Berrenrath"]
[BlackTeam "Kölner SK Dr. Lasker"]

1. d4 e6 2. Nf3 f5 3. c4 Nf6 4. Nc3 Bb4 5. Bd2 b6 6. a3 Bxc3 7. Bxc3 O-O 8. g3
d6 9. Bg2 Bb7 10. O-O Ne4 11. Qc2 Nxc3 12. Qxc3 Nd7 13. Rfe1 Qe7 14. Nd2 Bxg2
15. Kxg2 e5 16. e4 f4 17. Nf3 Qf6 18. Rad1 exd4 19. Qxd4 Ne5 20. Nxe5 1/2-1/2

[Event "16. Bayer Open"]
[Site "Leverkusen"]
[Date "2018.03.12"]
[Round "6.19"]
[White "Janssen, Wolfgang"]
[Black "Birnkott, Manfred"]
[Result "0-1"]
[WhiteElo "1674"]
[BlackElo "1920"]
[PlyCount "44"]
[EventDate "2018.??.??"]
[WhiteTeam "SV Dormagen"]
[BlackTeam "SC Bayer Leverkusen"]

1. e4 c5 2. Nf3 Nc6 3. d3 Nf6 4. g3 d5 5. Qe2 Bg4 6. h3 Nd4 7. Nxd4 Bxe2 8.
Nxe2 dxe4 9. Nec3 exd3 10. Bxd3 a6 11. Bf4 Nd5 12. Na3 Nxf4 13. gxf4 e6 14.
O-O-O Qc7 15. Be4 Be7 16. Nc4 O-O 17. Ne5 Rad8 18. Rdg1 Bf6 19. f3 b5 20. Ne2
Bxe5 21. fxe5 Qxe5 22. h4 f5 0-1

[Event "16. Bayer Open"]
[Site "Leverkusen"]
[Date "2018.03.12"]
[Round "6.20"]
[White "Jiritschka, Wolfgang"]
[Black "Meckel, Helmut"]
[Result "1/2-1/2"]
[WhiteElo "1898"]
[BlackElo "1762"]
[PlyCount "46"]
[EventDate "2018.??.??"]
[WhiteTeam "SC Bayer Leverkusen"]
[BlackTeam "SG Solingen"]

1. c4 e5 2. Nc3 d6 3. g3 f5 4. Bg2 Nf6 5. d3 c6 6. e4 Be7 7. Nge2 O-O 8. O-O
Be6 9. b3 Nbd7 10. d4 fxe4 11. dxe5 dxe5 12. Nxe4 Nxe4 13. Bxe4 Bh3 14. Bg2
Bxg2 15. Kxg2 Nc5 16. Be3 Ne4 17. Qc2 Nd6 18. Rad1 Qe8 19. Bc5 Nf5 20. Bxe7
Qxe7 21. Qe4 Nd6 22. Qe3 Nf5 23. Qe4 Nd6 1/2-1/2

[Event "16. Bayer Open"]
[Site "Leverkusen"]
[Date "2018.03.12"]
[Round "6.22"]
[White "Blomeyer, Peter"]
[Black "Alexopoulos, Spiros Orestis"]
[Result "1/2-1/2"]
[WhiteElo "1794"]
[BlackElo "1947"]
[PlyCount "64"]
[EventDate "2018.??.??"]
[WhiteTeam "Königsspringer Leverkusen"]
[BlackTeam "Aachener SV"]

1. c4 e5 2. g3 Nf6 3. Bg2 d5 4. cxd5 Nxd5 5. Nc3 Nb6 6. Nf3 Nc6 7. O-O Be7 8.
d3 O-O 9. a3 a5 10. Ne1 Be6 11. b3 Qc8 12. Nb5 Nd4 13. Nxd4 exd4 14. Bb2 Rd8
15. Rc1 c5 16. Nf3 Bf6 17. Qc2 Be7 18. Qb1 Qd7 19. b4 axb4 20. axb4 cxb4 21.
Bxd4 Nd5 22. Qb2 f6 23. e4 Nc7 24. Bb6 Rdc8 25. d4 Nb5 26. d5 Bf7 27. Bd4 Na3
28. Nh4 Qb5 29. Bh3 Rxc1 30. Rxc1 Nc4 31. Qe2 Nd6 32. Qe3 Ra3 1/2-1/2

[Event "16. Bayer Open"]
[Site "Leverkusen"]
[Date "2018.03.12"]
[Round "6.23"]
[White "Schimpf, Rolf"]
[Black "Elsweiler, Karl-Heinz"]
[Result "1/2-1/2"]
[WhiteElo "1936"]
[BlackElo "1738"]
[PlyCount "78"]
[EventDate "2018.??.??"]
[WhiteTeam "SC Bayer Leverkusen"]
[BlackTeam "SV Opladen"]

1. c4 c5 2. Nc3 Nc6 3. g3 Nf6 4. Bg2 g6 5. e4 d6 6. d3 Bg7 7. Nge2 O-O 8. h3 a6
9. a4 Bd7 10. O-O Qc8 11. Kh2 Ne5 12. f4 Nc6 13. Be3 e5 14. Qd2 Nb4 15. g4 Bxg4
16. fxe5 Bxe2 17. exf6 Bxf1 18. fxg7 Re8 19. Rxf1 Ra7 20. b3 b5 21. axb5 axb5
22. Nxb5 Ra2 23. Qc3 Qc6 24. Qf6 Qd7 25. Nxd6 Re7 26. Bg5 Nc6 27. Be3 Ne5 28.
Nb5 Re6 29. Qh4 Qxd3 30. Rf2 Rxf2 31. Qxf2 Kxg7 32. Bxc5 Rf6 33. Qb2 Nf3+ 34.
Bxf3 Qxf3 35. Bd4 Qf4+ 36. Kh1 Qf1+ 37. Bg1 Qxh3+ 38. Qh2 Qf3+ 39. Qg2 Qxb3
1/2-1/2

[Event "16. Bayer Open"]
[Site "Leverkusen"]
[Date "2018.03.12"]
[Round "6.25"]
[White "Heyn, Peter"]
[Black "Hasanovic, Huzeir"]
[Result "1-0"]
[WhiteElo "1863"]
[BlackElo "1496"]
[PlyCount "74"]
[EventDate "2018.??.??"]
[WhiteTeam "SV Hilden"]
[BlackTeam "SV Opladen"]

1. d4 Nf6 2. c4 g6 3. Nc3 Bg7 4. e4 d6 5. Be2 O-O 6. f4 c5 7. Nf3 cxd4 8. Nxd4
Nc6 9. Be3 a6 10. Bf3 Qb6 11. Nc2 Qd8 12. O-O h5 13. h3 Bd7 14. Rb1 Qc8 15. Nd5
Nxd5 16. cxd5 Nd8 17. Nd4 b5 18. Rc1 Qb7 19. Qd2 Rc8 20. Rxc8 Qxc8 21. Rc1 Qb8
22. Rc2 Nb7 23. b4 Rc8 24. Qc1 a5 25. Nc6 Bxc6 26. dxc6 Nc5 27. bxc5 b4 28.
cxd6 exd6 29. Qd2 Bc3 30. Rxc3 bxc3 31. Qxc3 Qb5 32. c7 Qb7 33. e5 d5 34. Qxa5
Rxc7 35. Bxd5 Qb1+ 36. Kh2 Rd7 37. e6 Kg7 1-0

[Event "16. Bayer Open"]
[Site "Leverkusen"]
[Date "2018.03.12"]
[Round "6.26"]
[White "Antar Badal, Azadi"]
[Black "Pfister, Jürgen"]
[Result "0-1"]
[WhiteElo "1856"]
[BlackElo "1669"]
[PlyCount "62"]
[EventDate "2018.??.??"]
[WhiteTeam "Königsspringer Leverkusen"]
[BlackTeam "SF Düsseldorf-Süd"]

1. e4 c5 2. Nf3 Nc6 3. g3 Nf6 4. Nc3 e6 5. d4 cxd4 6. Nxd4 e5 7. Nf3 Bc5 8. Bg5
Qb6 9. Qd2 Ng4 10. Nd1 h6 11. Be3 Bxe3 12. fxe3 Nf6 13. Bd3 O-O 14. h3 d6 15.
g4 Nh7 16. Rg1 Qd8 17. h4 Nf6 18. g5 Ng4 19. Nf2 h5 20. Nxg4 Bxg4 21. Nh2 Be6
22. Be2 g6 23. c3 Qb6 24. Nf1 Rad8 25. Bd1 d5 26. Ng3 d4 27. exd4 exd4 28. Qf2
Ne5 29. Qf6 Nd3+ 30. Kd2 dxc3+ 31. Kxc3 Qxb2# 0-1

[Event "16. Bayer Open"]
[Site "Leverkusen"]
[Date "2018.03.12"]
[Round "6.27"]
[White "Reif, Frank"]
[Black "Nölle, Michael"]
[Result "1/2-1/2"]
[WhiteElo "1845"]
[BlackElo "1471"]
[PlyCount "32"]
[EventDate "2018.??.??"]
[WhiteTeam "TV Witzhelden"]
[BlackTeam "SF Schlebusch"]

1. e4 c5 2. Nf3 e6 3. d4 Nf6 4. Nc3 d5 5. e5 Nfd7 6. Bb5 a6 7. Be2 Nc6 8. Bf4
cxd4 9. Nxd4 Ncxe5 10. O-O Qf6 11. Qd2 h6 12. Rfe1 Bd6 13. Bg3 O-O 14. Rad1 b5
15. Nc6 Bb7 16. Ne4 dxe4 1/2-1/2

[Event "16. Bayer Open"]
[Site "Leverkusen"]
[Date "2018.03.12"]
[Round "6.28"]
[White "Diaubalick, Ulrich"]
[Black "Witte, Volker"]
[Result "1-0"]
[WhiteElo "1623"]
[BlackElo "1836"]
[PlyCount "141"]
[EventDate "2018.??.??"]
[WhiteTeam "SF Düsseldorf-Süd"]
[BlackTeam "SF Schlebusch"]

1. e4 c6 2. d4 d5 3. Nd2 dxe4 4. Nxe4 Bf5 5. Ng3 Bg6 6. Nf3 Nd7 7. c3 Ngf6 8.
Bc4 e6 9. Bf4 Nb6 10. Bb3 Nbd5 11. Bg5 Be7 12. Qe2 Nd7 13. Bxe7 Qxe7 14. O-O
O-O-O 15. Rfe1 Nf4 16. Qd2 Nh5 17. Nxh5 Bxh5 18. Ne5 Nxe5 19. Rxe5 Bg6 20. Qe1
Qc7 21. Rd1 Bf5 22. h3 Bg6 23. Qe3 Kb8 24. Re1 Rd7 25. Qg3 Rhd8 26. R5e3 Qxg3
27. Rxg3 b5 28. Rg5 h6 29. Rc5 Kb7 30. a3 Bh7 31. Bd1 Rd5 32. Re5 f6 33. Rcxd5
Rxd5 34. Rxe6 Rd7 35. Bf3 Rc7 36. d5 cxd5 37. Bxd5+ Kc8 38. Re8+ Kd7 39. Rh8
Bd3 40. Rb8 Kd6 41. Rb7 Rxb7 42. Bxb7 Kc5 43. Bc8 Bc4 44. Bf5 Be2 45. Be6 Bc4
46. Bf5 Be2 47. f4 Bc4 48. Kf2 Bd5 49. g3 Kc4 50. Bc2 Bc6 51. Ke3 Bd7 52. h4
Bc6 53. Kd2 Bd7 54. b3+ Kc5 55. Ke3 Be6 56. f5 Bd7 57. Kf4 a5 58. Bd3 b4 59.
axb4+ axb4 60. cxb4+ Kxb4 61. Bc4 Kc5 62. g4 Bc6 63. g5 Bg2 64. gxh6 gxh6 65.
Kg4 Be4 66. Be6 Bd5 67. Bxd5 Kxd5 68. Kh5 Ke5 69. Kg6 Kf4 70. h5 Kg4 71. b4 1-0

[Event "16. Bayer Open"]
[Site "Leverkusen"]
[Date "2018.03.12"]
[Round "6.30"]
[White "Plitzner, Hans Joachim"]
[Black "Baier, Uwe"]
[Result "1-0"]
[WhiteElo "1581"]
[BlackElo "1834"]
[PlyCount "37"]
[EventDate "2018.??.??"]
[WhiteTeam "Kölner SK Dr. Lasker"]
[BlackTeam "Schachuzipus Köln-Mülheim"]

1. c4 e5 2. Nc3 Nf6 3. g3 Bc5 4. Bg2 O-O 5. e3 Re8 6. Nge2 c6 7. Qc2 Na6 8. a3
d5 9. b4 Bxb4 10. axb4 Nxb4 11. Qb1 a5 12. Ba3 Be6 13. O-O c5 14. d4 dxc4 15.
dxc5 Nbd5 16. Rd1 e4 17. Nxe4 Qc7 18. Nxf6+ Nxf6 19. Qxb7 1-0

[Event "16. Bayer Open"]
[Site "Leverkusen"]
[Date "2018.03.12"]
[Round "6.31"]
[White "Rudolph, Eva"]
[Black "Shelukie, Magd"]
[Result "1-0"]
[WhiteElo "1757"]
[BlackElo "1592"]
[PlyCount "119"]
[EventDate "2018.??.??"]
[WhiteTeam "Düsseldorfer SK"]
[BlackTeam "Bergische SF"]

1. e4 c5 2. Nf3 Nc6 3. d4 cxd4 4. Nxd4 e5 5. Nb5 Nf6 6. N1c3 a6 7. Nd6+ Bxd6 8.
Qxd6 Qe7 9. Qxe7+ Nxe7 10. Bg5 d6 11. O-O-O Kd7 12. f4 h6 13. Bh4 Ng6 14. Bxf6
gxf6 15. Nd5 Rb8 16. Nxf6+ Ke6 17. f5+ Kxf6 18. fxg6 Kxg6 19. Rxd6+ Be6 20. Bc4
Kf6 21. Bxe6 fxe6 22. Rf1+ Ke7 23. Rfd1 Rhg8 24. Rd7+ Ke8 25. Rh7 Rd8 26. Rxd8+
Kxd8 27. Rxh6 Rxg2 28. Rxe6 Rxh2 29. Rxe5 Kd7 30. b3 Kd6 31. Re8 Kd7 32. Rb8
Kc7 33. Rg8 Kd6 34. Kb2 Rh4 35. Rg7 Kc6 36. Re7 b5 37. Re6+ Kb7 38. e5 a5 39.
Re7+ Kc6 40. e6 Re4 41. Re8 Kd6 42. e7 Kd7 43. Rb8 b4 44. e8=Q+ Rxe8 45. Rxe8
Kxe8 46. c3 Kd7 47. cxb4 axb4 48. a3 bxa3+ 49. Kxa3 Kc6 50. Ka4 Kb6 51. Kb4 Kc6
52. Ka5 Kc7 53. b4 Kb7 54. Kb5 Ka7 55. Kc6 Kb8 56. Kb6 Ka8 57. b5 Kb8 58. Ka6
Ka8 59. b6 Kb8 60. b7 1-0